| 000 | 00446nam a2200193Ia 4500 | ||
|---|---|---|---|
| 008 | 210210b1934 xxu||||| |||| 00| 0 eng d | ||
| 041 | _aeng | ||
| 082 | _a883/78 | ||
| 100 | _aVISHVANATHA | ||
| 245 | _aSaugaddhikaharana by Sivadatta and others | ||
| 260 |
_aBombay _b- _c1934 |
||
| 650 | _aSivadatta | ||
| 650 | _aSaugaddhikaharana | ||
| 650 | _aothers | ||
| 650 | _aby | ||
| 650 | _aand | ||
| 690 | _aSanskrit Drama | ||
| 906 | _a024408 | ||
| 999 |
_c149899 _d149899 |
||